| 000 | 00337nam a2200133 a 4500 | ||
|---|---|---|---|
| 001 | 000031578 | ||
| 005 | 20200930063029.0 | ||
| 008 | 110627s20uu dr 000 0 spa d | ||
| 040 |
_aDO-SdBNP _bspa _cBNPHU |
||
| 245 | 0 | 0 | _aArea de educación. |
| 260 |
_a[Santo Domingo] : _bCIPAF, _c[20u?]. |
||
| 300 |
_a[8] p. ; _c20 cm. |
||
| 049 | _aBNPD | ||
| 999 |
_c31070 _d31070 |
||